000 00786nam a2200229 i 4500
001 29742
003 ES-MaACL
005 20231229062522.0
007 t|
008 030122s1962 sp |||| | spa d
080 _a821.134.2-31"19"
100 1 _aBaroja, Pío,
_d1872-1956
_925752
245 1 0 _aAventuras, inventos y mixtificaciones de Silvestre Paradox ;
_bLa busca ; Zalacaín el aventurero /
_cPío Baroja . Ideas sobre Pío Baroja / por José Ortega y Gasset.
246 3 _aZalacaín el aventurero
260 _aBarcelona :
_bVergara,
_c[1962]
300 _a821 p., 12 lám. col. y n. ;
_c22 cm.
700 1 _aOrtega y Gasset, José,
_d1883-1955
_987503
740 3 2 _aLa busca.
740 0 2 _aIdeas sobre Pío Baroja.
852 4 _aES-MaACL
_jC-21573
999 _c29742
_d29742